Regions of Namibia (With a Map) - Statistics

General Stats
  • This quiz has been taken 1,078 times
  • The average score is 7 of 14
Answers on the Map
Answers color-coded by a green-red scale on the quiz's map according to % correct below.
 
Answer Stats
Region % Correct
Zambezi
83%
ǁKharas
60%
Kavango East
53%
Kavango West
53%
Khomas
52%
Kunene
52%
Hardap
51%
Erongo
42%
Oshana
37%
Omaheke
36%
Omusati
35%
Otjozondjupa
34%
Oshikoto
32%
Ohangwena
31%
No matching quizzes found
Score Distribution
Percent of People with Each Score
Percentile by Number Answered
Your Score History
You have not taken this quiz